Piłka nożna - nagła śmierć - mistrzowie - Statystyki

Ogólne statystyki
  • Ten quiz został rozwiązany 1 990 razy
  • Średni wynik to 9 z 19
Answers on the Grid
Answers color-coded by a green-red scale on the quiz's grid according to % correct below.
Liverpool
Chelsea
Tottenham
Sunderland
Inter Mediolan
SSC Napoli
Genoa CFC
Juventus FC
AS Roma
Lazio Rzym
Bayern Monachium
Borussia Dortmund
Bayer 04 Leverkusen
VFL Wolfsburg
SC Freiburg
PSG
AS Monaco
AS Saint-Etienne
Olympique Lyon
Lens
Real Madryt
FC Barcelona
Atletico Madryt
FC Porto
Sporting CP
SL Benfica
Glasgow Rangers
Dundee FC
 
Statystyki odpowiedzi
Odpowiedź % Poprawnych
Liverpool
93%
Chelsea
76%
Inter Mediolan
72%
Juventus FC
63%
Real Madryt
61%
Bayern Monachium
59%
FC Barcelona
59%
PSG
57%
FC Porto
49%
SL Benfica
49%
Borussia Dortmund
43%
Sporting CP
42%
Glasgow Rangers
41%
Atletico Madryt
35%
Olympique Lyon
30%
AS Monaco
19%
AS Saint-Etienne
18%
Genoa CFC
9%
Sunderland
8%
Nie znaleziono quizów pasujących do podanych kryteriów
Rozkład punktacji
Procent ludzi z każdym wynikiem
Percentyl według liczby udzielonych odpowiedzi
Twoja historia wyników
Nie rozwiązałeś tego quizu